00814nam a22002417a 450000500170000001000110001702000100002803500110003803700160004904000120006508200130007710000260009024501170011626000470023327000420028030000240032250000190034665000190036565000290038494200220041399900190043595201180045420170124105949.0 a911973 c00.00 a911973 bCen Lib/Ret aDPLbEN a250bKIM aKimura, Ryukan984959 aA historical study of the terms Hinayana :cby Ryukan Kimuraband Mahayana and the origin of Mahayana buddhism / aPatnabIndological Book Ncorporationc1978 aPatliputra Path Rajrndra NagarbPatna axx,202p. c20cm(Hb) aIncludes index aBuddhism91068 aMahayana Buddhism911252 2ddccENh250mKIM c125161d125161 00104070aLbLd2015-06-19eCen Lib/Retg0.00l0o250 KIMp911973r2015-06-19 00:00:00t1v0.00w2015-06-19yEN